000 00370nam a22001337a 4500
003 SGT
020 _a9789380044859
082 _a891.4309
_bY11V
100 _aवाजपयी, मणिकांत
245 _aयक्ष प्रश्न बरक़रार
260 _bअंतिका प्रकाशन
_c2011
300 _a104
942 _2ddc
_cBK
999 _c29966
_d29966